Top 30 : Lorenzo - Statistiques

Statistiques générales
  • Ce quiz a été pris 62 fois
  • Le résultat moyen est 13 sur 30
Statistiques - réponses
Top Titres Featuring % Correct
2 Freestyle du sale
93%
7 Bizarre Vald
83%
9 Coco
79%
1 Fume à fond
76%
11 Nous deux Shy'm
76%
15 Le Daron Jean Dujardin, Vladimir Cauchemar
71%
10 La Kush Tony Corrida
69%
8 Carton rouge
60%
6 Damdamdeo
57%
23 Dans l'appart' Heuss L'enfoiré
48%
3 Nique la BAC
48%
24 Nana LES ANTICIPATEURS
45%
5 Tu le C
45%
19 Toujours plus Orelsan
43%
18 Ce genre Lujipeka, Foda C
36%
12 Légende Vivante
36%
13 Power Rangers
36%
4 Je vous déteste tous Todiefor
33%
28 Lorenzo
31%
14 Bizness
26%
27 Catastrophe
26%
22 Champagne & pétou Charles Vicomte
26%
20 Fonsdé toute la night
26%
16 MBK Rocket
24%
30 Sexto
21%
26 Beurette de luxe
19%
21 Pumpidup Oliver Tree
19%
25 Impec Tommy Cash, Vladimir Cauchemar
17%
17 Le son qui fait plaiz
12%
29 Rien à branler
12%
Aucun quiz correspondant
Distribution des résultats
% des personnes avec chaque résultat
Percentile par nombre de réponses
Votre historique - résultats
Vous n’avez pas pris ce quiz